هرم الجيزة الأكبر : مقاصده وعملياته البنائية : فن-علم وقصص

محفوظ في:

المؤلف الرئيسي: دايفيدسون، د.

مؤلفون آخرون: أبو الخير، أحمد فهمي.

التنسيق: كتاب

اللغة: Undetermined

منشور في: : , 1930.

الوسوم: إضافة وسم

لا توجد وسوم, كن أول من يضع وسما على هذه التسجيلة!

رقم الطلب: DT635 .D312

LEADER 00459nam a2200133Ia 4500
008 240329s9999||||xx |||||||||||||| ||und||
050 4 |a DT635 .D312 
100 1 |a دايفيدسون، د. 
245 1 0 |a  هرم الجيزة الأكبر : مقاصده وعملياته البنائية : فن-علم وقصص  |c دايفيدسون، د 
264 1 |a  :  |b ,  |c 1930. 
300 |a 395  |c 22 CM 
700 1 |a أبو الخير، أحمد فهمي. 
942 |2 lcc  |c BK 
999 |c 57709  |d 57709